[Event "Bad Woerishofen Seniors op 36th"]
[Site "Bad Woerishofen"]
[Date "2020.03.07"]
[Round "3"]
[White "Trefzer, Erhard"]
[Black "Mahrla, Hans"]
[Result "1/2-1/2"]
[WhiteElo "1907"]
[BlackElo "1767"]
[PlyCount "29"]
[EventDate "2020.03.05"]
[EventType "swiss"]
[EventRounds "9"]
[EventCountry "GER"]
[SourceTitle "CBM 195 Extra"]
[Source "ChessBase"]
[SourceDate "2020.05.31"]
[SourceVersion "1"]
[SourceVersionDate "2020.05.31"]
[SourceQuality "1"]

1. d4 e6 2. g3 Nf6 3. Bg2 d5 4. Nd2 c5 5. c3 cxd4 6. cxd4 Nc6 7. Ngf3 Bd7 8. 0-0 Bd6 9. Re1 0-0 10. a3 Rc8 11. b4 Qb6 12. Nb3 a5 13. bxa5 Nxa5 14. Nxa5 Qxa5 15. Bd2 1/2-1/2

[Event "GER-ch Seniors 65"]
[Site "Hamburg"]
[Date "2018.07.24"]
[Round "4"]
[White "Trefzer, Erhard"]
[Black "Fritsch, Juergen"]
[Result "1/2-1/2"]
[WhiteElo "1965"]
[BlackElo "1778"]
[PlyCount "114"]
[EventDate "2018.07.21"]
[EventType "swiss"]
[EventRounds "9"]
[EventCountry "GER"]
[SourceTitle "CBM 186 Extra"]
[Source "ChessBase"]
[SourceDate "2018.08.24"]
[SourceVersion "1"]
[SourceVersionDate "2018.08.24"]
[SourceQuality "1"]

1. e4 d5 2. exd5 Qxd5 3. Nc3 Qd8 4. Bc4 g6 5. Qf3 Nf6 6. d3 Nc6 7. Bb5 Bd7 8. Bg5 Bg7 9. Nge2 0-0 10. h3 a6 11. Ba4 b5 12. Bb3 h6 13. Bd2 Na5 14. 0-0 c5 15. Nd5 Nxb3 16. axb3 Nxd5 17. Qxd5 Qc7 18. Bc3 e6 19. Qf3 e5 20. Ra2 Bc6 21. Qg3 b4 22. Bd2 Qd6 23. Be3 f5 24. f4 e4 25. Rd1 Kh7 26. Qf2 Rfd8 27. Bxc5 Qd5 28. Bb6 Rd7 29. Ra5 Bb5 30. c3 bxc3 31. Nxc3 Qxb3 32. Ra3 Qg8 33. dxe4 Rxd1+ 34. Nxd1 fxe4 35. f5 Rf8 36. Ne3 Kh8 37. Bc5 Rf7 38. g4 Qc8 39. b4 gxf5 40. Nxf5 Kh7 41. Qe1 Qe6 42. Re3 Rxf5 43. gxf5 Qxf5 44. Qf2 Qxf2+ 45. Kxf2 Bc3 46. Re1 Bf6 47. Ke3 Bg5+ 48. Kd4 Kg6 49. Bd6 Kf5 50. Rh1 Ke6 51. Bf8 Ba4 52. Re1 e3 53. h4 Bxh4 54. Rxe3+ Kf7 55. Rf3+ Kg6 56. Bd6 Bg5 57. Rg3 Kf5 1/2-1/2

[Event "GER-chA Seniors 28th"]
[Site "Niederhausen"]
[Date "2016.08.18"]
[Round "6"]
[White "Trefzer, Erhard"]
[Black "Juergens, Peter1"]
[Result "1/2-1/2"]
[WhiteElo "1839"]
[BlackElo "1931"]
[PlyCount "21"]
[EventDate "2016.08.13"]
[EventType "swiss"]
[EventRounds "9"]
[EventCountry "GER"]
[SourceTitle "EXT 2019"]
[Source "ChessBase"]
[SourceDate "2018.10.10"]
[SourceVersion "1"]
[SourceVersionDate "2018.10.10"]
[SourceQuality "1"]

1. e4 e6 2. d4 d5 3. Nd2 c5 4. exd5 exd5 5. Ngf3 a6 6. dxc5 Bxc5 7. Bd3 Qe7+ 8. Qe2 Qxe2+ 9. Kxe2 Nf6 10. Nb3 Bb6 11. h3 1/2-1/2

[Event "GER-chA Seniors 28th"]
[Site "Niederhausen"]
[Date "2016.08.16"]
[Round "4"]
[White "Trefzer, Erhard"]
[Black "Sailer, Hans Peter"]
[Result "1/2-1/2"]
[WhiteElo "1839"]
[BlackElo "1955"]
[PlyCount "98"]
[EventDate "2016.08.13"]
[EventType "swiss"]
[EventRounds "9"]
[EventCountry "GER"]
[SourceTitle "EXT 2019"]
[Source "ChessBase"]
[SourceDate "2018.10.10"]
[SourceVersion "1"]
[SourceVersionDate "2018.10.10"]
[SourceQuality "1"]

1. d4 Nf6 2. c4 e6 3. Nc3 Bb4 4. Qc2 d5 5. e3 0-0 6. a3 Bxc3+ 7. Qxc3 Ne4 8. Qc2 c5 9. Nf3 Nc6 10. dxc5 Nxc5 11. b4 Ne4 12. Bb2 Nf6 13. Rd1 Qe7 14. Ng5 g6 15. b5 Nb8 16. Qc3 h6 17. Qxf6 Qxf6 18. Bxf6 hxg5 19. cxd5 exd5 20. Rxd5 Be6 21. Rd2 Nd7 22. Bd4 Rfc8 23. Be2 Rc1+ 24. Rd1 Rc2 25. Bd3 Ra2 26. h4 gxh4 27. Rxh4 f6 28. Ra1 Rxa1+ 29. Bxa1 Rc8 30. Bd4 Kg7 31. Kd2 b6 32. Rh1 Nc5 33. Bxc5 Rxc5 34. Rc1 Rd5 35. Rc7+ Kh6 36. e4 Rd4 37. Kc3 Ra4 38. Kb2 Rd4 39. Rc3 Kg5 40. Kc1 f5 41. exf5 gxf5 42. Bc2 Rd7 43. g3 f4 44. gxf4+ Kxf4 45. Rc6 Bd5 46. Rf6+ Ke5 47. Rf5+ Kd4 48. Kb2 Re7 49. Rf4+ Ke5 1/2-1/2

[Event "Bad Woerishofen Seniors op 32nd"]
[Site "Bad Woerishofen"]
[Date "2016.03.01"]
[Round "5"]
[White "Villing, Dieter"]
[Black "Trefzer, Erhard"]
[Result "1-0"]
[WhiteElo "2055"]
[BlackElo "1897"]
[PlyCount "69"]
[EventDate "2016.02.26"]
[EventType "swiss"]
[EventRounds "9"]
[EventCountry "GER"]
[SourceTitle "EXT 2019"]
[Source "ChessBase"]
[SourceDate "2018.10.10"]
[SourceVersion "1"]
[SourceVersionDate "2018.10.10"]
[SourceQuality "1"]

1. e4 e5 2. Nf3 Nc6 3. Nc3 Nf6 4. d4 exd4 5. Nxd4 Bb4 6. Nxc6 bxc6 7. Bd3 d5 8. e5 d4 9. a3 Bxc3+ 10. bxc3 Ng4 11. Bf4 Nh6 12. Be4 0-0 13. Bxh6 gxh6 14. Qxd4 Qg5 15. f4 Qe7 16. 0-0 Rd8 17. Qb4 Qe6 18. Qc5 Ba6 19. Rf3 Rd2 20. f5 Qd7 21. Re1 Rd1 22. Qe3 Rd8 23. e6 Qd6 24. Rg3+ Kh8 25. Bd3 Rxe1+ 26. Qxe1 Qc5+ 27. Qf2 Qxa3 28. Re3 Bxd3 29. cxd3 Qxc3 30. e7 Re8 31. f6 a5 32. Re2 Qa1+ 33. Qf1 Qd4+ 34. Kh1 Rb8 35. Qe1 1-0

[Event "Bad Woerishofen Seniors op 32nd"]
[Site "Bad Woerishofen"]
[Date "2016.02.28"]
[Round "3"]
[White "Macher, Claus"]
[Black "Trefzer, Erhard"]
[Result "1/2-1/2"]
[WhiteElo "1999"]
[BlackElo "1897"]
[PlyCount "29"]
[EventDate "2016.02.26"]
[EventType "swiss"]
[EventRounds "9"]
[EventCountry "GER"]
[SourceTitle "EXT 2019"]
[Source "ChessBase"]
[SourceDate "2018.10.10"]
[SourceVersion "1"]
[SourceVersionDate "2018.10.10"]
[SourceQuality "1"]

1. d4 f5 2. Nf3 Nf6 3. g3 g6 4. c4 d6 5. Nc3 Bg7 6. Bg2 0-0 7. 0-0 Qe8 8. d5 c6 9. Re1 a5 10. Rb1 Bd7 11. Nd4 e5 12. dxe6 Bxe6 13. Nxe6 Qxe6 14. b3 Ne4 15. Nxe4 1/2-1/2

[Event "Wuertemberg-ch Seniors 27th"]
[Site "Freudenstadt"]
[Date "2015.07.10"]
[Round "9"]
[White "Trefzer, Erhard"]
[Black "Jaeger, Hans Ulrich"]
[Result "1/2-1/2"]
[WhiteElo "2012"]
[BlackElo "1838"]
[PlyCount "30"]
[EventDate "2015.07.03"]
[EventType "swiss"]
[EventRounds "9"]
[EventCountry "GER"]
[SourceTitle "EXT 2016"]
[Source "ChessBase"]
[SourceDate "2015.10.08"]
[SourceVersion "1"]
[SourceVersionDate "2015.10.08"]
[SourceQuality "1"]

1. e4 e5 2. Nf3 Nc6 3. Nc3 Nf6 4. d4 exd4 5. Nxd4 Bb4 6. Nxc6 bxc6 7. Bd3 d5 8. e5 Ng4 9. 0-0 0-0 10. Bf4 Re8 11. h3 Nxe5 12. Bxh7+ Kxh7 13. Qh5+ Kg8 14. Bxe5 Re6 15. Bg3 d4 1/2-1/2

[Event "Wuertemberg-ch Seniors 27th"]
[Site "Freudenstadt"]
[Date "2015.07.09"]
[Round "7"]
[White "Trefzer, Erhard"]
[Black "Dotan, Valeria"]
[Result "1-0"]
[WhiteElo "2012"]
[BlackElo "1919"]
[PlyCount "41"]
[EventDate "2015.07.03"]
[EventType "swiss"]
[EventRounds "9"]
[EventCountry "GER"]
[SourceTitle "EXT 2016"]
[Source "ChessBase"]
[SourceDate "2015.10.08"]
[SourceVersion "1"]
[SourceVersionDate "2015.10.08"]
[SourceQuality "1"]

1. e4 c5 2. Nf3 a6 3. c3 d6 4. d4 Qc7 5. Bf4 e6 6. Nbd2 Nf6 7. Bd3 Nh5 8. Be3 g6 9. Nf1 c4 10. Bc2 Nc6 11. Ng3 Nxg3 12. hxg3 Bd7 13. d5 Ne5 14. dxe6 Bxe6 15. Ng5 Qd7 16. Rxh7 Rxh7 17. Nxh7 Be7 18. Ng5 0-0-0 19. Qd4 Rh8 20. 0-0-0 Nc6 21. Qxh8+ 1-0

[Event "Schleswig Holstein-ch Seniors op"]
[Site "Buesum"]
[Date "2014.10.01"]
[Round "7"]
[White "Trefzer, Erhard"]
[Black "Kolkwitz, Klaus"]
[Result "1-0"]
[WhiteElo "2037"]
[BlackElo "1899"]
[PlyCount "29"]
[EventDate "2014.09.25"]
[EventType "swiss"]
[EventRounds "9"]
[EventCountry "GER"]
[SourceTitle "EXT 2018"]
[Source "ChessBase"]
[SourceDate "2017.10.13"]
[SourceVersion "1"]
[SourceVersionDate "2017.10.13"]
[SourceQuality "1"]

1. e4 d6 2. d4 Nf6 3. Nc3 g6 4. Be2 Bg7 5. Nf3 c5 6. dxc5 Qa5 7. 0-0 dxc5 8. e5 Nfd7 9. Bf4 Nc6 10. Bb5 0-0 11. Re1 Rd8 12. Qe2 Nd4 13. Nxd4 cxd4 14. Nd5 e6 15. b4 1-0

[Event "Schleswig Holstein-ch Seniors op"]
[Site "Buesum"]
[Date "2014.09.27"]
[Round "3"]
[White "Trefzer, Erhard"]
[Black "Hassenrueck, Helmut"]
[Result "1/2-1/2"]
[WhiteElo "2037"]
[BlackElo "2213"]
[PlyCount "25"]
[EventDate "2014.09.25"]
[EventType "swiss"]
[EventRounds "9"]
[EventCountry "GER"]
[SourceTitle "EXT 2018"]
[Source "ChessBase"]
[SourceDate "2017.10.13"]
[SourceVersion "1"]
[SourceVersionDate "2017.10.13"]
[SourceQuality "1"]

1. e4 c5 2. Nc3 Nc6 3. g3 g6 4. Bg2 Bg7 5. Nge2 d6 6. d3 Rb8 7. a4 e6 8. 0-0 Nge7 9. Be3 0-0 10. d4 b6 11. Qd2 d5 12. exd5 exd5 13. Bf4 1/2-1/2

[Event "Schleswig Holstein-ch Seniors op"]
[Site "Buesum"]
[Date "2014.09.26"]
[Round "2"]
[White "Wulf, Adalbert"]
[Black "Trefzer, Erhard"]
[Result "0-1"]
[WhiteElo "1935"]
[BlackElo "2037"]
[PlyCount "49"]
[EventDate "2014.09.25"]
[EventType "swiss"]
[EventRounds "9"]
[EventCountry "GER"]
[SourceTitle "EXT 2018"]
[Source "ChessBase"]
[SourceDate "2017.10.13"]
[SourceVersion "1"]
[SourceVersionDate "2017.10.13"]
[SourceQuality "1"]

1. d4 f5 2. g4 fxg4 3. e4 d5 4. e5 Bf5 5. Bd3 Qd7 6. Be3 g6 7. Qd2 h5 8. Nc3 Nc6 9. a3 Bh6 10. Nge2 e6 11. Bxf5 gxf5 12. h3 Qf7 13. hxg4 fxg4 14. 0-0-0 0-0-0 15. Kb1 Rf8 16. Rh2 Bxe3 17. fxe3 Nge7 18. Rg1 Rfg8 19. e4 h4 20. exd5 exd5 21. Nf4 g3 22. Rh3 Rg5 23. Nce2 Rf8 24. Ng2 Ng6 25. Ne3 0-1

[Event "Wuerttemberg-ch Seniors op 26th"]
[Site "Freudenstadt"]
[Date "2014.07.22"]
[Round "7"]
[White "Hinz, Ekkehard"]
[Black "Trefzer, Erhard"]
[Result "1/2-1/2"]
[WhiteElo "1984"]
[BlackElo "2069"]
[PlyCount "33"]
[EventDate "2014.07.16"]
[EventType "swiss"]
[EventRounds "9"]
[EventCountry "GER"]
[SourceTitle "EXT 2019"]
[Source "ChessBase"]
[SourceDate "2018.10.10"]
[SourceVersion "1"]
[SourceVersionDate "2018.10.10"]
[SourceQuality "1"]

1. Nf3 Nf6 2. c4 c5 3. g3 b6 4. Bg2 Bb7 5. Nc3 g6 6. 0-0 Bg7 7. d4 cxd4 8. Qxd4 0-0 9. Qd3 Na6 10. Nd2 Nb4 11. Qb1 Bxg2 12. Kxg2 Qc8 13. a3 Nc6 14. Ra2 d6 15. b3 Nd4 16. Qd3 Qc6+ 17. Kg1 1/2-1/2

[Event "Berlin-ch Seniors op 30th"]
[Site "Berlin"]
[Date "2014.02.03"]
[Round "5"]
[White "Trefzer, Erhard"]
[Black "Krueger, Detlef"]
[Result "1-0"]
[WhiteElo "1961"]
[BlackElo "1664"]
[PlyCount "83"]
[EventDate "2014.01.30"]
[EventType "swiss"]
[EventRounds "9"]
[EventCountry "GER"]
[SourceTitle "EXT 2018"]
[Source "ChessBase"]
[SourceDate "2017.10.13"]
[SourceVersion "1"]
[SourceVersionDate "2017.10.13"]
[SourceQuality "1"]

1. e4 e5 2. Nf3 Nc6 3. Bc4 Bc5 4. c3 Nf6 5. d3 0-0 6. Bg5 d6 7. b4 Bb6 8. a4 a5 9. b5 Na7 10. 0-0 c6 11. Na3 Be6 12. Rb1 Rc8 13. Bxf6 Qxf6 14. Bxe6 fxe6 15. Nc4 Qd8 16. Qb3 Bc5 17. b6 Rf7 18. d4 exd4 19. cxd4 Bb4 20. bxa7 b5 21. axb5 cxb5 22. Ne3 Qe7 23. Qd3 Qe8 24. Rfc1 Rxc1+ 25. Rxc1 Rxa7 26. Qb3 h6 27. h3 Qg6 28. e5 Rf7 29. Rc8+ Kh7 30. Kh2 d5 31. Nc2 Bd2 32. Ne3 Bb4 33. Rc6 Qe4 34. Qc2 Be7 35. Rxe6 Qxc2 36. Nxc2 b4 37. Rb6 Bd8 38. Rb5 Rc7 39. Ne3 Rc3 40. Nxd5 Rc4 41. e6 Bc7+ 42. Nxc7 1-0

[Event "Berlin-ch Seniors op 30th"]
[Site "Berlin"]
[Date "2014.01.31"]
[Round "2"]
[White "Trefzer, Erhard"]
[Black "Kohlmeyer, Dagobert"]
[Result "1-0"]
[WhiteElo "1961"]
[BlackElo "1739"]
[PlyCount "105"]
[EventDate "2014.01.30"]
[EventType "swiss"]
[EventRounds "9"]
[EventCountry "GER"]
[SourceTitle "EXT 2018"]
[Source "ChessBase"]
[SourceDate "2017.10.13"]
[SourceVersion "1"]
[SourceVersionDate "2017.10.13"]
[SourceQuality "1"]

1. d4 Nf6 2. c4 g6 3. Nc3 d5 4. Nf3 Bg7 5. Bg5 c6 6. e3 0-0 7. Bd3 Re8 8. 0-0 b6 9. Rc1 Ba6 10. b3 e6 11. cxd5 Bxd3 12. Qxd3 exd5 13. Ne2 Qd6 14. Bf4 Qa3 15. Be5 Rc8 16. Nc3 Nbd7 17. Rc2 Qe7 18. Rfc1 Qe6 19. Ne2 Nxe5 20. Nxe5 c5 21. Nf3 Ne4 22. Qa6 g5 23. Ng3 Nxg3 24. hxg3 g4 25. Ne1 Bf8 26. Nd3 Rc6 27. Nf4 Qd6 28. Qd3 Rac8 29. Qf5 Bg7 30. Nxd5 Rd8 31. Nf4 Qd7 32. Qxd7 Rxd7 33. dxc5 Rxc5 34. Rxc5 bxc5 35. Rxc5 h6 36. Ra5 Bc3 37. Rd5 Rc7 38. f3 gxf3 39. gxf3 a5 40. Rd6 Be5 41. Rxh6 Rc1+ 42. Kf2 Rc2+ 43. Ne2 Rxa2 44. f4 Bc3 45. Kf3 Bb4 46. Rc6 Kg7 47. g4 Be1 48. Nd4 Rb2 49. g5 Rf2+ 50. Ke4 Rh2 51. Nf3 Rb2 52. Nxe1 Rxb3 53. Rc4 1-0

[Event "Berlin-ch Seniors op 30th"]
[Site "Berlin"]
[Date "2014.01.30"]
[Round "1"]
[White "Kasper, Peter"]
[Black "Trefzer, Erhard"]
[Result "0-1"]
[WhiteElo "1587"]
[BlackElo "1961"]
[PlyCount "84"]
[EventDate "2014.01.30"]
[EventType "swiss"]
[EventRounds "9"]
[EventCountry "GER"]
[SourceTitle "EXT 2018"]
[Source "ChessBase"]
[SourceDate "2017.10.13"]
[SourceVersion "1"]
[SourceVersionDate "2017.10.13"]
[SourceQuality "1"]

1. b4 e5 2. Bb2 Bxb4 3. Bxe5 Nf6 4. e3 Nc6 5. Bb2 0-0 6. Nf3 d6 7. Be2 Qe7 8. 0-0 h6 9. h3 Rd8 10. c4 Ne5 11. d4 Ng6 12. Bd3 Nf8 13. Qc2 c6 14. Nbd2 Ba5 15. d5 Bb6 16. a4 Bd7 17. Bf5 cxd5 18. Bxf6 Qxf6 19. Bxd7 Nxd7 20. cxd5 Rdc8 21. Qa2 Rc7 22. Rac1 Rac8 23. Rxc7 Rxc7 24. Qb1 Bc5 25. Rc1 b6 26. Nd4 Ne5 27. Ne4 Qd8 28. Nb5 Rd7 29. Nd4 Rc7 30. Qc2 Rb7 31. Qc3 Qe8 32. Nb5 Rd7 33. Nd4 Ng6 34. Ng3 Qe5 35. Nge2 Qxd5 36. Rd1 Qb7 37. Nf5 f6 38. Neg3 d5 39. Nxh6+ gxh6 40. Qxf6 Kh7 41. h4 Rf7 42. Qe6 Qd7 0-1

[Event "Wuerttemberg-ch Seniors op 25th"]
[Site "Freudenstadt"]
[Date "2013.07.06"]
[Round "7"]
[White "Helbig, Dieter"]
[Black "Trefzer, Erhard"]
[Result "1-0"]
[WhiteElo "1893"]
[BlackElo "2083"]
[PlyCount "83"]
[EventDate "2013.07.06"]
[EventType "swiss"]
[EventRounds "9"]
[EventCountry "GER"]
[SourceTitle "EXT 2019"]
[Source "ChessBase"]
[SourceDate "2018.10.10"]
[SourceVersion "1"]
[SourceVersionDate "2018.10.10"]
[SourceQuality "1"]

1. c4 Nf6 2. d4 g6 3. Nc3 Bg7 4. Nf3 d6 5. e4 c6 6. Be2 0-0 7. 0-0 a5 8. h3 Na6 9. Be3 Bd7 10. Qd2 Qc7 11. Rad1 Rfd8 12. Qc1 c5 13. e5 Ne8 14. Nd5 Qb8 15. Nxe7+ Kf8 16. Nd5 cxd4 17. Rxd4 dxe5 18. Rh4 Qd6 19. Rd1 Nc5 20. Rxh7 Rac8 21. Bg5 Kg8 22. Nf6+ Qxf6 23. Bxf6 Nxf6 24. Rh4 e4 25. Ne5 Be6 26. Rxd8+ Rxd8 27. Qe3 b6 28. b3 Nh7 29. Nc6 Rd7 30. Qf4 g5 31. Qb8+ Bf8 32. Rxh7 Rd2 33. Bg4 Nd7 34. Qe8 Kxh7 35. Bxe6 fxe6 36. Qf7+ Bg7 37. Qxe6 Nc5 38. Qf5+ Kh8 39. Qxg5 Rd7 40. Ne7 Rd6 41. Qh5+ Bh6 42. Qe5+ 1-0

[Event "Wuerttemberg-ch Seniors op 25th"]
[Site "Freudenstadt"]
[Date "2013.07.06"]
[Round "5"]
[White "Juergens, Peter1"]
[Black "Trefzer, Erhard"]
[Result "1/2-1/2"]
[WhiteElo "2019"]
[BlackElo "2083"]
[PlyCount "33"]
[EventDate "2013.07.06"]
[EventType "swiss"]
[EventRounds "9"]
[EventCountry "GER"]
[SourceTitle "EXT 2019"]
[Source "ChessBase"]
[SourceDate "2018.10.10"]
[SourceVersion "1"]
[SourceVersionDate "2018.10.10"]
[SourceQuality "1"]

1. d4 e6 2. Nf3 f5 3. Bf4 Nf6 4. e3 b6 5. Bd3 Bb7 6. Nbd2 Be7 7. 0-0 0-0 8. Qe2 Ne4 9. h3 d5 10. Ne5 Nxd2 11. Qxd2 Nd7 12. Nxd7 Qxd7 13. Rae1 c5 14. c3 Rac8 15. a3 Bd6 16. Bxd6 Qxd6 17. f4 1/2-1/2

[Event "Wuerttemberg-ch Seniors op 25th"]
[Site "Freudenstadt"]
[Date "2013.07.06"]
[Round "8"]
[White "Trefzer, Erhard"]
[Black "Gunnarsson, Leif"]
[Result "0-1"]
[WhiteElo "2083"]
[BlackElo "1785"]
[PlyCount "90"]
[EventDate "2013.07.06"]
[EventType "swiss"]
[EventRounds "9"]
[EventCountry "GER"]
[SourceTitle "EXT 2019"]
[Source "ChessBase"]
[SourceDate "2018.10.10"]
[SourceVersion "1"]
[SourceVersionDate "2018.10.10"]
[SourceQuality "1"]

1. e4 c5 2. c3 d6 3. d4 Nd7 4. Nf3 g6 5. Bd3 Bg7 6. 0-0 Qc7 7. Qe2 e6 8. Bf4 e5 9. Be3 Ngf6 10. dxe5 dxe5 11. Nbd2 0-0 12. a4 b6 13. Rfd1 Bb7 14. h3 h6 15. g4 Nxe4 16. Bxe4 Bxe4 17. Nxe4 f5 18. Qc4+ Kh8 19. Nd6 e4 20. Nf7+ Kh7 21. N3g5+ hxg5 22. Nxg5+ Kh8 23. Ne6 Qc6 24. Nxf8 Rxf8 25. Bd4 Be5 26. Bxe5+ Nxe5 27. Qd5 Nf3+ 28. Kf1 Qf6 29. Qd6 Qf7 30. Rd5 fxg4 31. hxg4 e3 32. Rad1 Nd4 33. Qe5+ Kg8 34. Qxe3 Qxd5 35. cxd4 Qc4+ 36. Qd3 Qf7 37. Rd2 c4 38. Qc2 Qe6 39. Re2 Qxg4 40. Qxc4+ Kh7 41. Re7+ Kh8 42. Qe6 Qd1+ 43. Kg2 Qf3+ 44. Kh2 Qxf2+ 45. Kh3 Rf3+ 0-1

[Event "Wuerttemberg-ch Seniors op 25th"]
[Site "Freudenstadt"]
[Date "2013.07.06"]
[Round "6"]
[White "Trefzer, Erhard"]
[Black "Jaeger, Hans Ulrich"]
[Result "1-0"]
[WhiteElo "2083"]
[BlackElo "1957"]
[PlyCount "55"]
[EventDate "2013.07.06"]
[EventType "swiss"]
[EventRounds "9"]
[EventCountry "GER"]
[SourceTitle "EXT 2019"]
[Source "ChessBase"]
[SourceDate "2018.10.10"]
[SourceVersion "1"]
[SourceVersionDate "2018.10.10"]
[SourceQuality "1"]

1. d4 Nf6 2. c4 e5 3. dxe5 Ne4 4. a3 d6 5. Qc2 Bf5 6. Nc3 Ng3 7. e4 Nxh1 8. exf5 dxe5 9. Nf3 Nc6 10. Be3 h6 11. g3 Nd4 12. Nxd4 exd4 13. Qe4+ Be7 14. Bxd4 0-0 15. 0-0-0 Nxf2 16. Bxf2 Bg5+ 17. Kc2 Qc8 18. Bd3 Re8 19. Qf3 Bf6 20. h4 c6 21. g4 Qd8 22. g5 hxg5 23. hxg5 Bxg5 24. Ne4 Bf6 25. Rh1 Bd4 26. Bxd4 Qxd4 27. f6 Rxe4 28. Qxe4 1-0

[Event "Wuerttemberg-ch Seniors op 25th"]
[Site "Freudenstadt"]
[Date "2013.07.06"]
[Round "2"]
[White "Trefzer, Erhard"]
[Black "Schmidt, Heinrich"]
[Result "1-0"]
[WhiteElo "2083"]
[BlackElo "1964"]
[PlyCount "105"]
[EventDate "2013.07.06"]
[EventType "swiss"]
[EventRounds "9"]
[EventCountry "GER"]
[SourceTitle "EXT 2019"]
[Source "ChessBase"]
[SourceDate "2018.10.10"]
[SourceVersion "1"]
[SourceVersionDate "2018.10.10"]
[SourceQuality "1"]

1. e4 c5 2. Nc3 Nc6 3. f4 d6 4. Nf3 Bg4 5. Bb5 a6 6. Bxc6+ bxc6 7. 0-0 Nf6 8. Qe1 Bxf3 9. Rxf3 e6 10. d3 Be7 11. Bd2 0-0 12. Qe2 Nd7 13. Rh3 Re8 14. Rf1 d5 15. f5 Bf6 16. Qh5 Nf8 17. fxe6 Rxe6 18. exd5 Re5 19. Qf3 cxd5 20. Rh5 Rxh5 21. Qxh5 Ne6 22. Nxd5 Bd4+ 23. Kh1 Ra7 24. Nc3 Qb8 25. b3 Qe5 26. Qxe5 Bxe5 27. Ne2 a5 28. a4 Nd8 29. g3 Nc6 30. Kg2 Nb4 31. Bxb4 axb4 32. Re1 f6 33. Ng1 Kf7 34. Nf3 Bc3 35. Re4 g5 36. g4 Rc7 37. Kf2 h6 38. h3 Rd7 39. Ke2 Bb2 40. Nd2 Bd4 41. Nc4 Bc3 42. Ne3 Be5 43. Nf5 Kg6 44. Rc4 h5 45. Rxc5 hxg4 46. hxg4 Rh7 47. d4 Rh2+ 48. Kf3 Bf4 49. a5 Rh1 50. Rb5 Rf1+ 51. Ke4 Re1+ 52. Kf3 Rf1+ 53. Kg2 1-0

[Event "Bad Woerishofen Seniors op 28th"]
[Site "Bad Woerishofen"]
[Date "2012.03.07"]
[Round "6.17"]
[White "Harke, Horst"]
[Black "Trefzer, Erhard"]
[Result "0-1"]
[WhiteElo "1717"]
[BlackElo "1882"]
[PlyCount "68"]
[EventDate "2012.03.02"]
[EventType "swiss"]
[EventRounds "9"]
[EventCountry "GER"]
[SourceTitle "EXT 2022"]
[Source "ChessBase"]
[SourceDate "2021.10.06"]
[SourceVersion "1"]
[SourceVersionDate "2021.10.06"]
[SourceQuality "1"]

1. d4 f5 2. c4 Nf6 3. Nc3 g6 4. Nf3 Bg7 5. g3 d6 6. Bg2 0-0 7. 0-0 Qe8 8. Qb3 Kh8 9. Bg5 Na6 10. Rad1 c5 11. d5 Nc7 12. Ne1 Rb8 13. e4 Nxe4 14. Nxe4 fxe4 15. Bxe4 b5 16. Ng2 Bh3 17. Rfe1 bxc4 18. Qxc4 Rxb2 19. Rd2 Rxd2 20. Bxd2 Bxg2 21. Bxg2 Bf6 22. Bc3 Qf7 23. Bxf6+ Qxf6 24. Qf4 Kg7 25. Qxf6+ exf6 26. Rb1 Rf7 27. Rb8 Re7 28. Kf1 f5 29. a4 Kf7 30. Rd8 Ne8 31. h4 Rc7 32. Ke2 Ke7 33. Rb8 Nf6 34. Ke3 Ng4+ 0-1

[Event "Bad Woerishofen Seniors op 28th"]
[Site "Bad Woerishofen"]
[Date "2012.03.06"]
[Round "5.6"]
[White "Trefzer, Erhard"]
[Black "Bhend, Edwin"]
[Result "0-1"]
[WhiteElo "1882"]
[BlackElo "2257"]
[PlyCount "116"]
[EventDate "2012.03.02"]
[EventType "swiss"]
[EventRounds "9"]
[EventCountry "GER"]
[SourceTitle "EXT 2022"]
[Source "ChessBase"]
[SourceDate "2021.10.06"]
[SourceVersion "1"]
[SourceVersionDate "2021.10.06"]
[SourceQuality "1"]

1. c4 e5 2. Nc3 Nf6 3. g3 c6 4. Bg2 Be7 5. d3 0-0 6. Nf3 d5 7. 0-0 d4 8. Nb1 Nbd7 9. Nbd2 Ne8 10. Qc2 Nc7 11. a3 a5 12. b3 Na6 13. Bh3 Qc7 14. Re1 Ndc5 15. Bg2 Bf5 16. Rb1 Ne6 17. Ne4 Bg6 18. Neg5 Nxg5 19. Nxg5 h6 20. Nh3 Qd7 21. f3 Rfe8 22. Nf2 Bf8 23. Rf1 Kh8 24. Ra1 Nc5 25. Bd2 a4 26. b4 Nb3 27. Rab1 f5 28. Be1 Rad8 29. Rd1 Be7 30. Nh3 Bh7 31. Nf2 Bg5 32. Kh1 Be3 33. Bh3 Qe7 34. Bg2 c5 35. b5 Rf8 36. Nh3 Rde8 37. Bf2 g5 38. Bxe3 dxe3 39. Rfe1 f4 40. Ng1 Rd8 41. g4 Rd4 42. h3 Bg6 43. Rb1 Rfd8 44. Red1 h5 45. Re1 Kg7 46. Rbd1 Rh8 47. Qc3 b6 48. Rb1 Qd7 49. Rb2 Kf6 50. Rd1 Qe6 51. Kh2 Rd7 52. Qe1 Nd4 53. Qf1 Rdh7 54. Bh1 hxg4 55. fxg4 Qxg4 56. Qg2 Qxg2+ 57. Kxg2 Bf5 58. Rf1 g4 0-1